Agricultural machinery itilization by farmers in kampong leav district, prey veng province , ការប្រើប្រាស់ម៉ាស៊ីនកសិកម្មដោយកសិករ ក្នុងស្រុកកំពង់លាវ ខេត្តព្រៃវែង (Record no. 6997)

000 -LEADER
fixed length control field 00682nam a22001577a 4500
003 - CONTROL NUMBER IDENTIFIER
control field OSt
005 - DATE AND TIME OF LATEST TRANSACTION
control field 20160223140246.0
008 - FIXED-LENGTH DATA ELEMENTS--GENERAL INFORMATION
fixed length control field 160223b xxu||||| |||| 00| 0 eng d
040 ## - CATALOGING SOURCE
Transcribing agency RUA
082 ## - DEWEY DECIMAL CLASSIFICATION NUMBER
Classification number MGR SUO 2006 B388 Or.1
100 ## - MAIN ENTRY--PERSONAL NAME
9 (RLIN) 7411
Personal name SUOS CHAMNAN ; សួស ចំណាន
245 ## - TITLE STATEMENT
Title Agricultural machinery itilization by farmers in kampong leav district, prey veng province , ការប្រើប្រាស់ម៉ាស៊ីនកសិកម្មដោយកសិករ ក្នុងស្រុកកំពង់លាវ ខេត្តព្រៃវែង
260 ## - PUBLICATION, DISTRIBUTION, ETC. (IMPRINT)
Place of publication, distribution, etc. Phnom Penh
Name of publisher, distributor, etc. RUA
Date of publication, distribution, etc. 2006
300 ## - PHYSICAL DESCRIPTION
Extent x ;67p.
Other physical details ill.
Dimensions 29cm.
942 ## - ADDED ENTRY ELEMENTS (KOHA)
Source of classification or shelving scheme
Koha item type MGR
Holdings
Price effective from Date last seen Permanent Location Not for loan Date acquired Source of classification or shelving scheme Koha item type Lost status Withdrawn status Date last checked out Total Checkouts Shelving location Damaged status Barcode Current Location Full call number
2016-02-232016-02-23Library Block B 2016-02-23 MGR    B388 RUA048359Library Block BMGR SUO 2006 B388 Or.1
2016-02-232016-02-23Library Block B 2016-02-23 MGR    B388 RUA051703Library Block BMGR SUO 2006 B388 Or.2
2016-02-232016-02-23Library Block B 2016-02-23 MGR    B388 RUA048173Library Block BMGR SUO 2006 B388 Or.3
2016-02-232021-03-02Library Block B 2016-02-23 MGR  2021-02-232B388 RUA048193Library Block BMGR SUO 2006 B388 Or.4
មជ្ឈមណ្ឌលឯការនៃសាកលវិទ្យាល័យភូមិន្ទកសិកម្មចំការដូង

Powered by Koha